Essentials of Entrepreneurship and Small Business Management (Record no. 3383)

MARC details
005 - DATE AND TIME OF LATEST TRANSACTION
control field 20250610090150.0
020 ## - INTERNATIONAL STANDARD BOOK NUMBER
International Standard Book Number 978-93-325-5998-1
082 ## - DEWEY DECIMAL CLASSIFICATION NUMBER
Classification number 338.04 SCA
100 ## - MAIN ENTRY--PERSONAL NAME
Author name SCARBOROUGH, N.
245 ## - TITLE STATEMENT
Title Essentials of Entrepreneurship and Small Business Management
250 ## - EDITION STATEMENT
Edition statement 8th Ed.
260 ## - PUBLICATION, DISTRIBUTION, ETC.
Place of publication, distribution, etc. New Delhi
Name of publisher, distributor, etc. Person Education,
Date of publication, distribution, etc. 2017
300 ## - PHYSICAL DESCRIPTION
Extent xvi,704p.; ill, picture
Other physical details Appendix & Index
Dimensions 27cm.
700 ## - ADDED ENTRY--PERSONAL NAME
Other authors/Editors CORNWALL,J.
942 ## - ADDED ENTRY ELEMENTS (KOHA)
Source of classification or shelving scheme Dewey Decimal Classification
Koha item type Books
Holdings
Date last seen Total checkouts Full call number Barcode Cost, replacement price Price effective from Koha item type Lost status Source of classification or shelving scheme Damaged status Not for loan Withdrawn status Home library Current library Shelving location Date acquired Cost, normal purchase price
06/07/2025   338.04 SCA DOM0001818 97500.00 06/07/2025 Books   Dewey Decimal Classification       CBE Dodoma CBE Dodoma Special Reserve Collection 07/24/2017 32500.00